Villes Dangereuses par Pays d'après France Diplomatie - Statistiques

Statistiques générales
  • Ce quiz a été pris 16 fois
  • Le résultat moyen est 40 sur 143
Statistiques - réponses
Hint Réponse % Correct
Algérie - Villes Vertes Alger | Oran
100%
Colombie - Villes Jaunes Bogotá | Medellín | Cali | Barranquila | Cartagena / Carthagène | Sincelejo | Mompós | Ciénaga | Santa Marta | La Paz | Riohacha | Cabo de la Vela | Taganga | Capurganá | Bahia Solano | Nuqui | Quibdo | Pasto | Florencia | San José del Guaviare | Mitú | Neiva | Villavicencio | Yopal | Tunja | (Parc National El Cocuy) | (San Augustin) | (Caño Cristales) | Manizales | Pereira | Armenia | Ibagué | San Andrés | Leticia
93%
Argentine - Villes Jaunes Buenos Aires | Mendoza | San Juan | Salta | San Salvador de Jujuy | Ushuaïa | La Plata
86%
Brésil - Villes Jaunes Rio de Janeiro | São Paulo | Brasilia | Salvador (de Bahia) | Recife | Fortaleza | Belém | Manaus | Curitiba | Porto Alegre | Goiânia | Boa Vista | Cucuí | São Gabriel de Cachoeira | Benjamin Constant | Rio Branco | Porto Velho | Moura | Santarém | Macapá | São Luis | Imperatriz | Teresina | Natal | João Pessoa | Olinda | Jaboatão | Maceió | Aracaju | Feira de Santana | Cuiaba | Campo Grande | Londrina | Uberlândia | Belo Horizonte | Contagem | Vitória | Ribeirão Preto | Joinville | Florianópolis | Porto Alegre | Pelotas | Foz do Iguaçu
86%
Côte d'Ivoire - Villes Jaunes Abidjan | Yamoussoukro | San-Pédro | Bouaké | Grand-Bassam | Aboisso | Anyama | Dabou | Agboville | Adzopé | Tlassalé | Divo | Lakota | Gagnoa | Soubré | Guiglo | Duékoué | Man | Danané ̀| Touba | Séguéla | Tortiya | Katlola | Bondoukou | Agnibilékrou | Abengourou | Akoupé | Daoukro | Bongouanou | Dimbokro | Toumodi | Korhogo | Ferkessédougou | Boundiali | Odienné
79%
Égypte - Villes Jaunes Le Caire | Alexandrie | Guizeh | Mersa Matrouh | El Alamein | Kafr Ed Daouâr | Damanhoûr | Rosette / Rachid | Tanta | Méhallet el Kobrâ | El Mansoûrah | Damiette | Port-Saïd | Zagazig | Ismaïlia | Suez | (Mont Sainte-Catherine) | Taba | Noueiba | Dahab | Charm-el-Cheikh | Siouah | El Baouiti | El Haïz | Qasr El Falâfra | Hélouân | Médinet El Fayyoum | Béni Souef | (Vallée des Baleines) | Samâlout | Minieh | Mellaoui | Hermopolis | Akhenaton | El Ghardaqah / Hourghada | Beni Hassan | Sôhâg | Abydos | Dendérah | Qena | Kamak | Thèbes | Louqsor / Luxor | Edfou | Qom Ombo | Assouân | Philae | Ouadi Es Sebou | Amada | Abou Simbel
79%
Chine - Villes Vertes Pékin | Shanghaï | Canton / Guangzhou | Chongqing | Chengdu | Wuhan | Xi'an | Shenzhen | Hong Kong | Macao / Aomen | Nankin | Shenyang | Jinan | Changchun | Harbin | Qiqihar | Jilin | Fushun | Anshan | Tangshan | Dalian | Tianjin | Zibo | Qingdao / Tsingtao | Shijiazhuang | Datong | Baotou | Xining | Lanzhou | Luoyang | Zhengzhou | Huaiyuan | Taiyuan | Hangzhou | Ningbo | Nanchang | Changsha | Fuzhou | Guiyang | Kunming | Lijiang | Lhassa
79%
Jordanie - Villes Jaunes Amman | Irbid | Az Zarqa | Aqaba | Ach Choûna | (Umm Qaïs) | Jérach / Jarash | 'Ajloun | Al Mafraq | As Salt | Souwaïlih | Mâdaba | As Safâoui | Ar Rouweïchid / Ar Ruwaishid | Al Mazra'a | Al Kerak / Karak | Al Qatrâna | As Safi | At Tafîla | Ach Chaouba | (Pétra) | Ouâdi Moûssa | Al Jafr | Hattiya
71%
Turquie - Villes Jaunes Istanbul | Ankara | İzmir | Adana | Antalya | Konya | Bursa | Edirne | Samsun | Trabzon / Trébizonde | Kayseri | Kirklareli | Tekirdağ | Çanakkale | Balıkeşir | Manisa | Aydin | Muğla | Denizli | Burdur | Isparta / Sparte | Afyon | Uşak | Kütahya | Bilecik | İzmit | Adapazari | Yalova | Düzce | Bolu | Zonguldak | Bartin | Karabük | Eskişehir | Kastamonu | Çankiri | Çorum | Kirikkale | Yozgat | Kirşehir | Karaman | Aksaray | Niğde | Nevşehir | Mersin | Tarsus | Osmaniye | Kahramanmaraş | Adiyaman | Malatya | Sivas | Tokat | Amasya | Sinop | Ordu | Giresun | Gümüshane | Erzincan | Tunceli | Elaziğ | Bingöl | Muş | Bitlis | Van | Ağri | Igdir | Kars | Ardahan | Artvin | Rize | Bayburt | Erzurum
71%
Pakistan - Villes Orange Karachi | Islamabad | Lahore | Hyderabad | Rawalpindi | Gilgit | Jhelum | Gujrat | Gujranwala | Faisalabad | Nawabshah | Larkana | Sukkur | Mirpur Khas | Sialkot | Multan
71%
Togo - Villes Jaunes Lomé | Sokodé | Atakpamé | Kara | Niamtogou | Aného | Vogan | Tsévié | Kévé | Tabligbo | Notsé | Tohoun | Agou Gazdépé | Kpalimé | Danyi-Apéyémé | Amlamé | Badou | Élavagnon | Blitta | Soutouboua | Tchamba | Bassar | Bafilo |Pagouda | Guérin-Kouka | Kandé
71%
Somalie + Somaliland - Villes Rouges Mogadiscio | Kismayo / Kismaayo | Qardho | Boorama | Burco | Laas Caanood | Ceerigaabo | Boosaaso | Bargaal | Banderbeyla | Eyl | Garoowe | Gaalkacyo | Hobyo | Ceeldheere | Dhuusamarreeb | Beledweyne | Buulobarde | Jowhar | Wanlaweyn | Xuddur | Baydhabo | Buurhakaba | Afgooye | Merka | Awdheegle | Qoryooley | Baraawe | Jamaame | Jilib | Baardheere | E
71%
Chypre + Chypre du Nord - Villes Vertes Nicosie | Paphos | Limassol | Larnaca | (Akrotiri) | (Dhekelia) | (Episkopi) | Polis | Geroskipou | Pelendri | Kyperounta | Mesa Geitonia | Pano Lefkara | Aradippou | Dali | Strovolos | Palaiometocho | Akaki | Athienou | Agia Napa | Deryneia | Paralimni
71%
Kosovo - Villes Vertes Pristina / Prishtinë | Mitrovica/Mitrovicë / Sud | Prizren | Ferizaj / Uroševac | Gjilan / Gjilane | Dragash / Dragaš | Rahovec / Orahovac | Deçan / Decani | Peje / Peč | Istog / Istok | Klinë / Klina | Skënderaj / Srbica | Vushtri / Vučitrn | Podujevë | Podujevo | Fusha Kosovë / Kosovo-Polje | Lipjan / Lipljan | Novobërdë / Novo Brdo | Kamenicë / Kamenica | Obiliq / Obilić
71%
Maroc - Villes Vertes Rabat | Fès | Casablanca | Tanger | Kénitra | Marrakech | Tétouan | Salé | Oujda | Taza | Meknès | Khourigba | Beni Mellal | Mohammedia | Salé | El Jadida | Safi | Essaouira | Ouarzazate | Agadir | Guelmim | Tarfaya
71%
Arabie Saoudite - Villes Jaunes Riyad | La Mecque | Djeddah | Médine | Dammam | Taboûk | Neom | Sakakah | Al 'Ula | Hâïl | Nafi | Sâdjir | Yanbou' al Bahr | Al Hofoûf | Dhahrân | Al Khoubar | Jubail | As Saffâniyah | Hafar al Batin | Harad | Al Khardj | Wadi Ad-Dawasir | Al Bâhah | Taïf
71%
Tunisie - Villes Jaunes Tunis | Sfax | Kairouan | Sousse | Gabès | Tataouine | Bizerte | Tabarka | Béja | Jendouba | Le Kef | Tajerouine | Thala | Siliana | Ras Jebel | La Marsa | L'Ariana | La Manouba | Ben Arous | El Haouaria | Kelibia | Nabeul | Hammamet | Msaken | Monastir | Moknine | Mahdia | Chebba | El Aïn | Thyna | (Îles Kerkennah) | (Jerba) | Houmt Souk | Midoun | Zarzis | Medenine | Matmata | (Ksar Ghilane) | El Hamma | Kebili | Douz | El Faouar | Bir Rjim Maatoug | Nefta | Tozeur | Metlaoui | Gafsa | El Guettar | Moulares | Sidi Bou Zid
71%
Cameroun - Villes Jaunes Yaoundé | Douala | Bafoussam | Nkongsamba | Bertoua | Tignère | Banyo | Tibati | Batouri | Abong Mbang | Akonolinga | Sangmélima | Ebolowa | Kribi | Edéa | Eséka | Ngoumou | Mbalmayo | Mfou | Akonolinga | Ntui | Bafia | Nanga-Ekombo | Monatélé | Yabassi | Bafang | Dschang | Bafam | Bandjoum | Foumban | E
71%
Irak - Villes Orange Bagdad / Baghdad | Bassora | Erbil | Mossoul | Souleymanié | Halabja | Koya | Soran | Barzan | Dohouk | Zâkhoû | Amedi | Kerbala / Karbala | Al Hillah | Nadjaf | Ad Diouâniyâh | Al Koût | Al 'Amârah | An Nassiriyâh | Al Qoumah | As Samâouah | Al Moussaiyib | Falloudjah / Fallujah | Ramadi
64%
Azerbaïdjan - Villes Orange Bakou | Gandja | Soumgaït | Nakhitchevan / Naxçıvan | Lenkoran | Mingetchaouri / Mingäçevir | Äli Bayramlı | Zaqatala | Şäki | Tovuz | Şämkir | Chaoumian | Yevlax | Ağdaș | Göyçay | Bärdä | Ucar | Kürdämir | Ağcabädi | İmișlı | Qazimämmäd | Cälilabad | Biläsuvar | Salyan | Ağsu | Şamaxi | Siyäzän | Quba | Qusar | Xaçmaz | Maștağa | Xırdalan | Sabunçu | Artyom
64%
Liban - Villes Orange Beyrouth | Tripoli | Sidon / Saïda | Zahlé | Byblos / Jbaïl | Abdeh | El Minié | El Mina | Zgharta | Amioun | Bcharré | Batroûn | Jounié | Qartaba | Baskinta | Bikfaïya | Jdaïdé | Baabda | Damoûr | Deïr el Qamar
64%
Israël + Territoires Palestiniens - Villes Orange Jérusalem | Tel-Aviv / Jaffa | Râmallâh | Ramat-Gan | Petah-Tiqwa / Petah Tikva | Holon | Bat-Yam | Rishon LeZiyyon / Rishon Le Tsion | Ramla | Ashdod | Ashqelon / Ashkélon | Beersheva | Eilat | Hébron | Béthléem | Jéricho | Naplouse | Djenîn / Jénine | Netanya | Hadera | Haïfa | Nazareth | Tibériade | Acre | Zefat | Qiryat-Shemona
64%
Jamaïque - Villes Jaunes Kingston | Montego Bay | Mandeville | May Pen | Portmore
64%
Rép. Dém. Congo - Villes Orange Kinshasa | Kisangani | Lubumbashi | Kolwezi | Kananga | Mbuji-Mayi | Mbandaka | Matadi | Boma | Tshikapa | Mbanza-Ngungu | Muanzanza | Bunkonde | Tshimbulu | Mwone-Ditu | Ngandajika / Gandajika | Kabinda | Lusambo | Ilebo | Likasi | Kamina | Kindu | Ikela | Inongo | Boende | Basankusu | Lisala | Bumba | Gemena | Buta
64%
Jordanie - Villes Orange(+frontière avec les Territoires Palestiniens) Ma'ân | Ar Ramthâ / Ramthâ
64%
Phiippines - Villes Jaunes Manille | Quezon City | Caloocan | Cebu | Iloilo | Tuguegarao | San Fernando | Baguio | Dagupan | San Carlos | Cabanatuan | Angeles | Olongapo | San Pablo | Batangas | Lucena | Naga | Legazpi | Calbayog | Tacloban | Ormoc | Cadiz | Butuan | Cagayan de Oro | Davao | Puerto Princesa
64%
Mexique - Villes Jaunes Mexico | Monterrey | Guadalajara | Hermosillo | Chihuahua | Monclova | Saltilla | Torreón | Aguascalientes | Guanajuato | San Luís Potosi | León | Querétaro | Pachuca | San Rafael | Ixtapa / Zihuatanejo | Puerto Vallarta | Oaxaca | Jalapa | Villahermosa | Tuxtla Gutiérrez | San Cristobal de las Casas | Palenque | Campeche | Chetumal | Mérida | Tulum | Playa del Carmen | Cancún
64%
Équateur - Villes Jaunes Quito | Ambato | Ibarra | Latacunga | Cuenca | Guaranda | Tena | Puyo | Francisco de Orellana | Macas | Loja | Zamora
64%
Honduras - Villes Orange Tegucigalpa | San Pedro Sula | Chotuleca | Danlí | Nueva Octepeque | Gracias |Santa Bárbara | La Esperanza | Siguatepeque | Marcala | La Paz | Comayagua | Yuscarán | Juticalpa | San Esteban | Dulce Nombre de Culmí | Olanchito | Yoro | El Progreso | Puerto Cortés | Tela | La Ceiba | Trujillo | Puerto Castilla | Iriona | Auasbila | Puerto Lempira
64%
Ghana - Villes Jaunes Accra | Kumasi | Sekondi-Takoradi | Tarkwa | Cape Coast | Winneba | Swedru | Asamankese | Tema | Keta | Nsawam | Koforidua | Oda | Dunkwa | Nkawkaw | Akosombo | Ho | Kpandu | Bompata | Konongo | Obuasi | Nkenkaasu | Mampong | Sunyani | Berekum | Salaga | Tamale | Yendi | Gambaga | Bole | Wa
57%
Éthiopie - Villes Jaunes Addis Abeba | Dire Dawa / Diré Daoua | Harar | Nazareth | Awassa | Djimma | Djinka | Arba Minch | Sodo | Yirga Alem | Goba | Chachemene | Assella | Akald | Ambo | Debre Zeit | Mieso | Djidjiga | Assayta | Serdo | Semara | Berhalé | Daliol | (Volcan Erta Ale)
57%
Rép. Centrafricaine - Villes Orange Bangui
57%
Vénézuéla - Villes Orange Caracas | Maracaibo | Valencia | Barquisimeto | Maracay | Malquetía | Cabimas | Ciudad Ojeda | Coro | Mérida | Valera | Barinas | Guanare | Acarigua | San Fernando de Apure | San Juan de los Morros | Los Teques | La Guaíra | (Nueva Esparta) | Barcelona | Puerto La Cruz | Cumaná | Maturín | El Tigre | (Parc National Canaima)
57%
Arménie - Villes Jaunes Erevan / Yerevan | Vanadzor | Gumri | Bagratchen | Tachir | Stepanavan | Achotsk | Spitak | Artik | Talin | Armavir | Vagharchapat / Etchmiadzin | Artachat | Massis | Ararat | Gami | Abovian | Gavar | Martouni | Sevan | Dilidjan | Idjevan | Sevan | Hrazdan | Achtarak | Alaverdi
57%
Nigeria - Villes Jaunes Lagos | Abuja | Ibadan | Abeokuta | Mushin | Ikorodu | Shagamu
57%
Angola - Villes Jaunes Luanda / Louanda | Huambo | Benguela | Namibe | Lubango | Mbanza-Congo | Lobito | Ondjiva | Menongue | Lumbala-Nguimbo | Luena | Kuito | Malange | Sumbe | Porto Amboim | Cabo Ledo | Dondo | Ndalatando | Uíge | Nzeto | Caxito
57%
Kenya - Villes Orange Nairobi / Est / (Eastleigh) / (Pangani) | Mado Gashi | Takaba | Lamu | (Manda)
57%
Kenya - Villes Jaunes Nairobi / Ouest | Mombasa | Kisumu | Eldoret | Nakuru | Nyeri | Embu | Meru | Machakos | Tsavo | Malindi | Diani | Thika | Murang'a | Naivasha | Narok | Kisii | Kakamega | Busia | Bungoma | Webuye | Kitale | Maralal | Archer's Post | Marsabit | Lodwar
57%
Tchad - Villes Orange N'Djaména | Bongor | Moundou | Pala | Laï | Doba | Koumra | Sarh | Bousso | Guélengdeng | Melfi | Zakouma | Am Timan | Goz Beïda | Abéché | Mongo | Ati | Massenya | Bol | Mao | Massaguet | Massakori | Biltine | Amdjarass | Fada | Faya / Largeau | Bardaï
57%
Cambodge - Villes Jaunes Phnom-Penh | Siem Reap | (Angkor) | (Kaoh Ker) | Thbeng Meanchey | Stueng Traeng | Baan Lung | Senmoronom | Kracheh | Krapong Chaam | Kampong Thum | Kampong Chhnang | Pousaat | Kampong Spueu | Prey Veaeng | Svaay Rieng | Takhmau | Kampot | Krong Kaeb / Kep
57%
Birmanie - Villes Orange Rangoun / Yangon | Naypyidaw / Nay Pyi Taw | Mandalay | Meiktila | Taunggyi | Pathein | Ngwesaung | Chaungtha | Bago | Pyay | Tatkon | Kalaw | Myingyan | Keng Tung
57%
Géorgie - Villes Jaunes Tbilissi / Tiflis | Batoumi | Koutaïssi / Koutaisi | Roustavi | Zougdidi | Poti | Gori | Kobouleti | Soupsa | Senaki | Ozourgueti | Samtredia | Khoni | Tkibouli | Ambrolaouri | Tchikaretchi | Mestia | Sovi | Kazbegui | Akhmeta | Telavi | Sagaredzo | Gourodjaani | Dedoplis-Tskaro | Gardabani | Marneouli | Bolnissi | Kaspi | Mtskheta | Khachouri | Zestafoni | Borjomi | Akhaltsikhe | Akhalkalaki | Samtredia
57%
Libye - Villes Rouges Tripoli | Homs | Tobrouk | Syrte | Ez Zâwiyah | Zouwârah | Nâlout | Djâdoû | Mizdah | Beni Oualid | Tarhoûnah | Ghadamès | Ouaddân | Sebha | Adrî | Mourzouq | El Qâtroûn | Ghât | Koufra / El Djoûf | El Ouânah | Adjdâbiya | El Mardj | El Beida | Damah | Djaghaboûb
57%
Thaïlande - Villes Jaunes Bangkok | Chiang Mai | Phuket | Nonthaburi | Thonburi | Samut Prakan | Nakhon Ratchasima | Khon Kaen | Nakhon Sawan | Chiang Rai | Lamphun | Lampang | Nan | Phrae | Uttaradit | Sukhothai | Phitsanulok | Kamphaeng Phet | Tak | Lop Buri | Ayutthaya | Kanchanaburi | Thonburi | Ratchaburi | Phetchaburi | Hua Hin | Chon Buri | Pattaya | Rayong | Chaiyaphum | Ubon Ratchathani | Kalasin | Ubon Thani | Nong Khai | Prachuap Khiri Khan | Chumphon | Surat Thani | Nakhon Si Thammarat | Krabi | (Koh Lanta) | (Koh Lipe) | Trang
50%
Guinée - Villes Jaunes Conakry | Boké | Kindia | Fria | Kankan | Kissidougou | Guékédou | Nzérékoré | Kamsar | Sangarédi | Boffa | Dubréka | Coyah | Forécarlah | Mamou | Télimélé | Pita | Lélouma | Gaoual | Koundara | Mali | Tougué | Dinguiraye | Kouroussa | Dabola | Faranah | Kérouané | Beyla | Lola | Yomou | Macenta
50%
Bénin - Villes Jaunes Cotonou | Porto-Novo | Abomey | Bohicon | Grand-Popo | Ouidah | Lokossa | Pobè | Kétou | Dassa | Savalou | Savè | Parakou | Djougou | Bembèrèkè
50%
Soudan du Sud - Villes Orange Djouba / Juba | Wau | Aweil | Yambio
50%
Ouganda - Villes Jaunes Kampala | Kira | Nansana | Entebbe | Mbarara | Mbale | Lira | Gulu | Kisoro | Kabale | Kanungu | Kasese | Rukungiri | Bushenyi | Rakai | Sembabule | Kalangala | Mpigi | Wakiso | Mukono | Njeru | Jinja | Bugembe | Mayuge | Iganga | Kayumga | Kamuli | EBugiri | Busia | Tororo | Sironko | Pallisa | Kapchorwa | Nabilatuk | Kumi | Katakwi | Soroti | Kaberamaido | Luwero | Nakasongola | Masindi | Hoima | Kyenjojo | Fort Portal | Nebbi | Arua | Adjumani | Yumbe | Moyo | Adjumani | Kitgum | Kalongo | Pader | Kotido | Karabong
50%
Mauritanie - Villes Jaunes Nouakchott | Nouâdhibou | (Poste-Frontière PK55) | Akjoujt | Atâr | Chinguetti | Tidjikja | Tîchît | Moudjéria | Aleg | Bogué | Kaédi | Rosso | Keur Massène | Mederdra | Ouâd Nâga | Boutilimit | Ouedane
50%
Papouasie-Nouvelle-Guinée - Villes Jaunes Port Moresby | Kerema | Popondetta | Daru | Kimbe | Kavieng | Lorengau | Arawa
50%
Érythrée - Villes Jaunes Asmara | Massaoua
43%
Israël + Territoires Palestiniens - Villes Rouges(Sdérot et Quneïtrah sont en rouge, bien que non indiquées explicitement) Gaza | Khan Younès / Khan Yoûnis | Rafah | (Sdérot) | (Quneïtrah)
43%
Mozambique - Villes Jaunes Maputo | Beira | Quelimane | Tete | Xai-Xai | Matola | Chókwè | Quissico | Inharrime | Inhambane | Pembe | Vilankulo | Chimoio | Gorongosa | Nhamayabué | Chinde | Songo | Furancungo | Pebane | Milange | Alto Molócuè | Moma | Angoche
43%
Mexique - Villes Rouges Tijuana | Tecate | Culiacán | Nuevo Laredo | Reynosa | Matamoros | Ciudad Victoria | Manzanillo | Colima | Apatzingán | Uruapán | Uriangato | Salamanca | Celaya | Irapuato
43%
Algérie - Villes Jaunes Tlemcen | Tiaret | Djelfa | Laghouat | Ghardaïa | Bouira | Tizi Ouzou | Béjaïa | Jijel | Constantine | Skikda | Annaba | Biskra | El Oued | Touggourt | Ouargla | Béni Ounif | Béchar | Hammaguir | Béni Abbès |Timimoun | Adrar | Reggane | El Meniaa / El Goléa | Krechba | Foggaret El Arab | Arak | Idelès | Tamanrasset
43%
Algérie - Villes Orange Aïn-Defla | Médéa | Sétif | Batna | (Massif des Aurès) | Hassi Messaoud | Amguid | Illizi | Djanet | Hassi El Khébi | Amguid | Oum El Assel
36%
Trinité-et-Tobago - Villes Orange Port-d'Espagne / Est | Point Fortin | Diego Martin | San Juan | Tunapuna | Chaguanas | Couva | Bonasse | La Brea | San Francique | Siparia | Penal | Moruga | Guayaguayare | Rio Claro | Mayaro | Sangre Grande
36%
Trinité-et-Tobago - Villes Jaunes Port-d'Espagne / Ouest | Arima | San Fernando | Blanchisseuse | Matelot | Toco | Plymouth | Scarborough | Roxborough | Charlotteville | Princes Town
36%
Argentine - Villes Vertes Rosario | Córdoba | Neuquén | Bahia Blanca | San Miguel de Tucumán | Santiago del Estero | Resistencia | Corrientes | Formosa | Posadas | Santa Fe | Paraná | San Fernando Del Valle de Catamarca | La Rioja | San Luis | Rio Cuarto | Santa Rosa | Mar del Plata | Viedma | San Carlos de Bariloche | Rawson | Comodoro Rivadavia | Río Gallegos | (Île des États)
36%
Panama - Villes Jaunes Panama City | Ailigandí | El Porvenir | Chepo | Chame | Bejuco | Penonomé | Aguadulce | Antón | Nata | Chitré | Los Santos | Las Tablas | Santiago de Veragas | Sona | David | La Concepción | Puerto Armuelles | Bocas del Toro | Changuinola
29%
Nigeria - Villes Orange Port Harcourt | Kano | Yola | Ogbomosho | Oshogbo | Onitsha | Shaki | Iseyin | Oyo | Iwo | Ede | Ilobu | Ikirun | Ofa | Ife | Ilesha | Ado-Ekiti | Bida | Minna | Ondo | Ijebu-Ode | Owo | Benin City | Enugu | Makurdi | Lafia | Jalingo | Jos | Kaduna
29%
Mexique - Villes Orange Ciudad Juarez | Zacatecas | Mexicali | Ensenada | Nogales | Ciudad Obregón | Piedras Negras | Goméz Palacio | Durango | Mazatlán | Tepic | Tampico | Tuxpan | (El Tajin) | Martinez de la Torre | Veracruz | Morelia | Toluca | Coatzacoalcos | Cuernavaca Puebla | Cuautitlán | Tultitlán | Izcalli del Valle | Tlalnepantla de Baz | Naucalpán de Juárez | Nezahualcóyotl | Ecatepec de Morelos | Acapulco
21%
Turquie - Villes Orange Gaziantep | Diyarbakır | Şanliurfa | Iskenderun / Alexandrette | Batman | Mardin
21%
Équateur - Villes Orange Guayaquil | Portoviejo | Machala | Esmeraldas | Santo Domingo de los Colorados | Nueva Lojo | Tulcán | Milagro | Babahoyo | Santa Rosa | Pasaje | Manta | La Libertad
21%
Algérie - Villes Rouges Tindouf | Tébessa | Deb Deb | In Aménas | Inezzane | In Guezzam | Timéiaouine | Bordj Mokhtar
21%
Moldavie - Villes Orange Tiraspol | Dubăsari | Camenca | Ribnița
21%
Chine - Villes Jaunes Ürümqi | Kashgar / Kashi | Aksu | Hotan | Turpan
21%
Libye - Villes Orange Benghazi | Misrata / Misrâtah
14%
Liban - Villes Rouges Beyrouth-Sud / Dahiye / Sabra / Chatila | Tyr / Soûr | Baalbek / Héliopolis | Nabatiyé | Halba | Mechmech | Hermel | Majdel Aanjar | Rachaïya | Machghara | Jezzine | Marjayoun | Hasbaïya | Bent Jbaïl
14%
Somalie + Somaliland - Villes Orange Hargeisa / Hargeysa | Berbera
14%
Indonésie - Villes Orange Jayapura
14%
Panama - Villes Orange La Palma | Tocumen | Pedregal | Arraijan | La Chorrera | Cristóbal | Colón
14%
Jordanie - Villes Rouges (+frontière avec la Syrie et l'Irak) (Al) Yarmoûk
7%
Turquie - Villes Rouges Antakya / Antioche | Kırıkhan | Kilis | Ceylanpinar | Kiziltepe | Siirt | Şimak | Hakkari | Şemdinli
7%
Rép. Dém. Congo - Villes Rouges Bukavu | Kikwit | Goma | Pweto | Manono | Kalemie | Butembo | Bunia | Isiro | Bandundu
7%
Angola - Villes Orange Cabinda | Lucapa | Saurimo
7%
Moldavie - Villes Jaunes Chisinău | Bălți | Tighina / Bender Briceni | Edineț | Soroca | Florești | Orhei | Fălești | Ungheni | Călărași | Hîncești | Căinari | Căușeni | Cimișlia | Leova | Basarabeasca | Comrat | Ciadîr-Lunga | Cahul | Taraclia
7%
Vénézuéla - Villes Rouges Ciudad Guayana | Ciudad Bolivar | San Cristóbal | Puerto Ayacucho | Tumeremo | El Dorado | (Delta Amacuro)
7%
Maroc - Villes Jaunes(Zone Rouge: frontière Sahara Occidental - Mauritanie, aucune ville mentionnée) El Aâyoune / La'youn | Smara | Boudjour | (Ed) Dakhla
7%
Égypte - Villes Rouges El Arich | Solloûm
7%
Chypre + Chypre du Nord - Villes Jaunes Famagouste / Famagousta / Gazimağusa | Nicosie-Nord | Lefka | Kato Zodeia | Morphou | Lapithos | Kyrenia | Kythrea | Askeia | Vatili | Lysi | Marathovounos | Lefkonoiko | Trikomo | Aigialousa | Rizokarpaso | Kokkina
7%
Éthiopie - Villes Rouges Gondar | Dessié | Lalibela | Debre Markos | Bahir Dar | Weldiya | Bati | Debre Birhan | Nekemte | Guimbi | (Ogaden)
7%
Égypte - Villes Rouges Interdites Aux Civils Halâib
7%
Arabie Saoudite - Villes Orange Khamis Mushait /Khamîs Mouchaït | Djizân / Jizan | Abhâ | Bouraïdah / Buraidah | 'Ar'ar | Qatif / Mouawiya / Al Awamiyah
7%
Irak - Villes Rouges Kirkouk / Kirkuk | Tikrit | (Ar) Routbah | Ba'qoûbah | Samarra | Sindjar | Tell Afar | Qaïyarah | Makhmour | Chamchamal | Darbandikhan | Hakurk | Baïdji | Al Fâo / Al Faw
7%
Soudan du Sud - Villes Rouges Malakal | Warab | Kapoeta | Rumbek | Renk | Yei | Abiyé / Abyei | Raga | Bisellia | Kangi | Wun Rog | Bentiu | Rangnom | Fangak | Adok | Ayod | Duk Faiwil | Bor | Malek | Yirol | Pibor Post | Torit | Nimule | Mongalla | Gemmeiza | Tindalo | Amadi | Mvolo | Tambura | Li Yubu | Akobo | Waat | Nasir | Jikao | Abwong | Paloich | Fachoda / Fashoda | Fangak
7%
Kosovo - Villes Jaunes Mitrovica/Mitrovicë / Nord | Zvečan / Zveçan | Leposavić / Leposaviq | Zubin Potok
7%
Pakistan - Villes Rouges Peshawar / Péchaouar | Quetta | Gwadar | Nok Kundi | Khuzdar | Rahimyar Khan | Dera Ghazi Khan | Bahawalpur | Kamalia | Jhang Maghiana | Sahiwal | Okara | Kasur | Dera Ismail Khan | Chiniot | Sargodha | Bannu | Mardan | Muzaffarabad | Wah
7%
Équateur - Villes Vertes Puerto Baquerizo Moreno / (Galapagos)
7%
Jamaïque - Villes Rouges Spanish Town
7%
Inde - Villes Rouges Srinagar | Kargil
7%
Azerbaïdjan - Villes Rouges Stepanakert / Khankendi / Xankändi | Choucha / Susa / Chouchi | Qazax
7%
Géorgie - Villes Rouges Tskhinvali | Soukhoumi | Gali | Otchamtchire | Tkvartcheli | Kverno-Ajara | Goudaouta | Gagra
7%
Colombie - Villes Rouges Arauca | Cúcuta | Puerto Carreño | Puerto Inírida | Mocoa | Buenaventura
0%
Érythrée - Villes Rouges Assab | Tiyo | Id | Beyloul | Addi Kwala | Omhadjer | Qarora
0%
Cameroun - Villes Rouges Bamenda | Maroua | Kousséri | Kumba | Mudemba | (Parc National de Korup) | Mamfe | Ekok | Mbengwi | Wum | Nkambe | Kumbo | Gulder | Kaélé | Yagoua | Mokolo | Mora | Waza | Fotokol | Makari
0%
Tunisie - Villes Rouges Ben Guerdane | Dhéhiba | (Mont Mghila) | (Mont Semema) | (Mont Chambi) | (Mont Selloum) | (Mont Orbata)
0%
Rép. Centrafricaine - Villes Rouges Berbérati | Bouar | Bambari | Bossangoa | Bozoum | Bayanga | Nola | Bambio | Mbaïki | Bouchla | Bimbo | Bossembélé | Bocaranga | Garga | Carnot | Bouca | Sibut | Kaga Bandoro | Ndélé | Gordil | Birao | Ouadda | Bria | Yalinga | Bakouma | Bangassou | Mobaye | Obo
0%
Nicaragua - Villes Orange Bluefields
0%
Ghana - Villes Orange Bolgatanga | Bimbila
0%
Ouganda - Villes Orange Bundibugyo | Amudat | Nakapiripirit
0%
Ouganda - Villes Rouges(+frontière RDC et Soudan du Sud) Bwera | Ishasha | Koboko
0%
Thaïlande - Villes Rouges Chanthaburi | Surin | Hat Yai | Pedang Besar | Sakom | Yala | Phu Nam Ron | Mae Sai | Ranong
0%
Kenya - Villes Rouges Dadaab | Liboi | Dif | Garissa | Wajir | Tarbaj | El Wak | Buite | Mandera
0%
Égypte - Villes Orange El Khârga | Al Maks Al Bahri | Moût | (Dépression de Qattarah) | (Parc Naturel du Désert Blanc) | (Oasis de Dakhla)
0%
Brésil - Villes Orange(Zone Rouge: frontière vénézuélienne, aucune ville mentionnée) Espirito Santo | Forte Boa | Coari | Humaitá | Cáceres | Corumbá | Ponta Porá
0%
Cameroun - Villes Orange Garoua | Ngaoundéré | Buea | Limbe | Mbouda | Melganga | Bangem | Tcholliré | Poli
0%
Philippines - Villes Orange General Santos
0%
Vénézuéla - Île(s) Jaune(s) (Îles) Las Roques
0%
Philippines - Villes Rouges Iligan | Marawi | Zamboanga | Cotabato | Isulan | (Basilan) | (Jolo)
0%
Côte d'Ivoire - Villes Rouges Kafolo | Bouna | Tengréla / Tingréla | (Parc National de la Comoé)
0%
Bénin - Villes Orange Kandi | Tanguiéta | Natitingou | Kouandé | Boukoumbé | Nikki | Tchaourou
0%
Arménie - Villes Rouges Kapan | Meghri | Artzvatchen | Eraskh
0%
Tunisie - Villes Orange Kasserine | Sbeïtla | Bou Chebka | Fériana | Ghardimaou | Sakiet Sidi Youssef | Hazoua | Bordj Bourguiba
0%
Érythrée - Villes Orange Keren | Naqfa | Mersa Goulboub | Ieden | Aqordat | Kérou | Tesseney | Gouloudj | Barentou | Mendefera | Dbarwa | Deqemhari | Nefassit | Irafayle | Addi Qeyeh | (Îles Dahlak)
0%
Mauritanie - Villes Orange Kiffa | Zouérate | Fdêrik | Ghallaouia | Choum | Akhreijit | Aoudaghost | Tamchaet | Boumdeït | Mbout | Kankossa | Sélibabi | Lexeiba
0%
Birmanie - Villes Rouges Lashio | Sittwe | Mrauk Lí | Kyauktaw | Paletwa | Buthidaung | Myebon | Kyaukpyu | Thandwe Ngapali | Magwe | Mindat | Monywa | Haka | Kalemyo | Sagaing | Mawlaik | Katha | Bhamo | Myitkyina | Putao | Kyaukme | Maymyo | Loikaw | Taungoo | Thaton | Hoa An | Dawei
0%
Thaïlande - Villes Orange Mae Sot
0%
Éthiopie - Villes Orange Makalé | Adigrat | Aksoum | (Yeha) | Maytcheou | Adoua | Fitche | Assossa | Gambéla | Kibre Menguist | Neguele | Moyale | Gode | Kebri Dehar | Wajaale
0%
Bénin - Villes Rouges Malanville | Ségbana | Banikoara | Gouandé | Matéri | (Zone cynégétique de la Pendjari) | (Zone cynégétique de Djona) | (Parc National de l'Atacora) | (Parc National du W)
0%
Togo - Villes Rouges Mandouri | Sinkassé
0%
Sénégal - Villes Orange Matam | Kanel | Kidira | Saïnsoutou | Guémédji
0%
Mozambique - Villes Rouges Mocimboa da Praia | Pemba
0%
Colombie - Villes Orange Montería | Barrancabermeja | Valledupar | (Ciudad Perdida) | Popayán | Tumaco
0%
Arabie Saoudite - Villes Rouges Nadjrân / Najran
0%
Mozambique - Villes Orange Nampula | Lichinga | Nacala | Maniamba | Cuamba | Ribáuè | Moçambique
0%
Ghana - VIlles Rouges Navrongo | Bawku | Tumu
0%
Paraguay - Villes Orange Pedro Juan Caballero
0%
Papouasie-Nouvelle-Guinée - Villes Rouges Porgera | Wabag
0%
Panama - Villes Rouges Puerto Obaldía | Yaviza
0%
Vénézuéla - Villes Rouges à Fort Risque de Piraterie Punto Fijo | Margarita
0%
Malaisie - Villes Rouges à Très Fort Risque de Piraterie Sandakan | Tawau | Sempornan
0%
Équateur - Villes Rouges San Lorenzo
0%
Honduras - Villes Jaunes Santa Rosa de Copán | San Lorenzo | Amapala | Nacaome | Roatán
0%
Guinée - Villes Oranges Siguiri | Mandlana
0%
Cambodge - VIlles Rouges Si Sophon / Sisophon | Samraong / Samrong | Kaoh Kong
0%
Côte d'Ivoire - Villes Orange Taï | Grabo | Tabou
0%
Togo - Villes Oranges Tandjouaré | Dapaong | Sansanné-Mango
0%
Mauritanie - Villes Rouges Timbedgha | Bir Mogreïn | Khabou | Tintâne | 'Ayoun el 'Atroûs | Néma | Oualata | Bassikounou
0%
Arménie - Villes Orange Vardenis | Angueghakot | Sissian | Goris | Kadjaran
0%
Papouasie-Nouvelle-Guinée - Villes Orange Wewak | Rabaul | Madang | Lae | Goroka | Kundiawa | Mount Hagen | Mendi | Vanimo | Alotau
0%
Nigeria - Villes Rouges Zaria | Bimin Kebbi | Sokoto | Gusau | Katsina | Dutse | Bauchi | Gombe | Damaturu | Maiduguri
0%
Tchad - Villes Rouges Zouar | Koulkime | Baga Sola | Binder | Léré
0%
Aucun quiz correspondant
Distribution des résultats
% des personnes avec chaque résultat
Percentile par nombre de réponses
Votre historique - résultats
Vous n’avez pas pris ce quiz